[Event "St Petersburg Autumn op"]
[Site "St Petersburg"]
[Date "2011.11.04"]
[Round "8"]
[White "Timirev, Sergey"]
[Black "Mukha, Aleksey"]
[Result "1/2-1/2"]
[WhiteElo "1821"]
[BlackElo "1909"]
[PlyCount "116"]
[EventDate "2011.10.28"]
[EventType "swiss"]
[EventRounds "9"]
[EventCountry "RUS"]
[SourceTitle "EXT 2013"]
[Source "ChessBase"]
[SourceDate "2012.11.22"]
[SourceVersion "1"]
[SourceVersionDate "2012.11.22"]
[SourceQuality "1"]

1. d4 Nf6 2. c4 g6 3. Nc3 Bg7 4. e4 d6 5. f4 c5 6. d5 0-0 7. Nf3 a6 8. Bd3 b5 9. cxb5 axb5 10. Nxb5 c4 11. Bc2 Qa5+ 12. Nc3 Ng4 13. h3 Nh6 14. 0-0 f5 15. e5 Nd7 16. Re1 Nc5 17. Be3 Bb7 18. Bd4 Ne4 19. exd6 Nxc3 20. bxc3 exd6 21. Bxg7 Kxg7 22. Qd4+ Kg8 23. Re7 Rf7 24. Rxf7 Nxf7 25. Rd1 Qxa2 26. Bb1 Qb3 27. Re1 Rf8 28. Nd2 Qb5 29. Qxc4 Qxc4 30. Nxc4 Bxd5 31. Ne3 Re8 32. Kf2 Be4 33. Ba2 Ra8 34. Be6 Kf8 35. Nd5 Ra2+ 36. Re2 Rxe2+ 37. Kxe2 Bxg2 38. h4 Nd8 39. Nc7 Nxe6 40. Nxe6+ Ke7 41. Nd4 d5 42. Nc6+ Kd6 43. Ne5 Kc5 44. Ke3 Be4 45. Nf7 Kc4 46. Kd2 d4 47. cxd4 Kxd4 48. Ng5 Bc6 49. Nxh7 Ke4 50. Nf8 Be8 51. Ne6 Kf3 52. Kd3 Kg4 53. Kd4 Kxh4 54. Ke5 Bf7 55. Ng5 Be8 56. Ne6 Kg4 57. Ng5 Bc6 58. Ne6 Bd7 1/2-1/2

[Event "St Petersburg Autumn op"]
[Site "St Petersburg"]
[Date "2011.10.29"]
[Round "2"]
[White "Petrochenko, Maria"]
[Black "Mukha, Aleksey"]
[Result "0-1"]
[WhiteElo "1522"]
[BlackElo "1909"]
[PlyCount "84"]
[EventDate "2011.10.28"]
[EventType "swiss"]
[EventRounds "9"]
[EventCountry "RUS"]
[SourceTitle "EXT 2013"]
[Source "ChessBase"]
[SourceDate "2012.11.22"]
[SourceVersion "1"]
[SourceVersionDate "2012.11.22"]
[SourceQuality "1"]

1. d4 Nf6 2. c4 g6 3. Nc3 Bg7 4. g3 d6 5. Bg2 0-0 6. Nf3 c6 7. 0-0 Be6 8. b3 h6 9. Bb2 Qd7 10. Qd2 Bh3 11. Rfe1 Bxg2 12. Kxg2 d5 13. cxd5 cxd5 14. Rac1 Nc6 15. Ne5 Qe6 16. Nxc6 Qxc6 17. Qd3 Rfc8 18. Rc2 Ne4 19. Rec1 Nxc3 20. Rxc3 Qe6 21. e3 Rc6 22. Rxc6 bxc6 23. Qa6 Rc8 24. Qxa7 c5 25. Rxc5 Rxc5 26. Qxc5 Qe4+ 27. Kg1 Qb1+ 28. Qc1 Qxa2 29. Qc3 e6 30. b4 Qb1+ 31. Kg2 Qe4+ 32. f3 Qb1 33. b5 Qd1 34. b6 Qe2+ 35. Kg1 Kh7 36. b7 Qb5 37. Qc8 Qe2 38. b8Q Qe1+ 39. Kg2 Qe2+ 40. Kh3 Qf1+ 41. Kg4 f5+ 42. Kh4 g5+ 0-1

[Event "St Petersburg Spring op"]
[Site "St Petersburg"]
[Date "2011.03.31"]
[Round "9"]
[White "Tskhadadze, Anna"]
[Black "Mukha, Aleksey"]
[Result "0-1"]
[WhiteElo "1755"]
[BlackElo "1929"]
[PlyCount "100"]
[EventDate "2011.03.23"]
[EventType "swiss"]
[EventRounds "9"]
[EventCountry "RUS"]
[SourceTitle "CBM 141 Extra"]
[Source "ChessBase"]
[SourceDate "2011.05.03"]
[SourceVersion "1"]
[SourceVersionDate "2011.05.03"]
[SourceQuality "1"]

1. d4 Nf6 2. c4 g6 3. Nc3 Bg7 4. e4 d6 5. Bd3 Nc6 6. Nf3 e5 7. d5 Ne7 8. 0-0 0-0 9. Bg5 h6 10. Bd2 Kh8 11. Qc1 Nfg8 12. Ne2 f5 13. c5 f4 14. h4 Bg4 15. Nh2 Qd7 16. f3 Bh5 17. g4 fxg3 18. Nxg3 Qh3 19. Nxh5 gxh5 20. Be1 Ng6 21. Qd2 Nf4 22. Kh1 Rf6 23. Rg1 Rg6 24. Rxg6 Nxg6 25. Bf1 Qd7 26. Qb4 b6 27. cxd6 cxd6 28. Rc1 N8e7 29. Qd2 Kh7 30. Bg3 Bf6 31. Qe1 Rc8 32. Rc3 Rxc3 33. bxc3 Nf4 34. Bxf4 exf4 35. e5 Bxe5 36. Qe4+ Ng6 37. Bd3 Qf7 38. c4 Kg7 39. Qe1 Bf6 40. Bf5 Bxh4 41. Qe4 Qf6 42. Bxg6 Qxg6 43. Qxf4 Bg3 44. Qd4+ Be5 45. Qd2 Qg3 46. Qg2 Qxg2+ 47. Kxg2 Bxh2 48. Kxh2 Kf6 49. Kg3 Kg5 50. f4+ Kf5 0-1

[Event "Chigorin Memorial 18th"]
[Site "St Petersburg"]
[Date "2010.11.02"]
[Round "6"]
[White "Mukha, Aleksey"]
[Black "Bratus, Petr P"]
[Result "0-1"]
[WhiteElo "1925"]
[BlackElo "2175"]
[PlyCount "42"]
[EventDate "2010.10.28"]
[EventType "swiss"]
[EventRounds "9"]
[EventCountry "RUS"]
[SourceTitle "EXT 2011"]
[Source "ChessBase"]
[SourceDate "2010.11.26"]
[SourceVersion "1"]
[SourceVersionDate "2010.11.26"]
[SourceQuality "1"]

1. e4 d5 2. exd5 Nf6 3. d4 Nxd5 4. c4 Nb6 5. Nf3 g6 6. Be3 Bg7 7. Nc3 0-0 8. Rc1 Bg4 9. Be2 Nc6 10. h3 Bxf3 11. gxf3 Nxd4 12. c5 Nxe2 13. Qxe2 Nd5 14. Ne4 c6 15. 0-0 Qd7 16. Kg2 Rad8 17. Rfd1 Qe6 18. b3 Rd7 19. Qc2 Rfd8 20. a3 f5 21. Ng5 Qxe3 0-1

[Event "Chigorin Memorial 18th"]
[Site "St Petersburg"]
[Date "2010.10.28"]
[Round "1"]
[White "Kirusha, Andrey"]
[Black "Mukha, Aleksey"]
[Result "1-0"]
[WhiteElo "2380"]
[BlackElo "1925"]
[PlyCount "83"]
[EventDate "2010.10.28"]
[EventType "swiss"]
[EventRounds "9"]
[EventCountry "RUS"]
[SourceTitle "EXT 2011"]
[Source "ChessBase"]
[SourceDate "2010.11.26"]
[SourceVersion "1"]
[SourceVersionDate "2010.11.26"]
[SourceQuality "1"]

1. Nf3 Nf6 2. c4 c5 3. Nc3 Nc6 4. g3 e6 5. Bg2 Be7 6. 0-0 d6 7. d4 0-0 8. b3 cxd4 9. Nxd4 Bd7 10. Bb2 Qc7 11. Rc1 a6 12. Nd5 Nxd5 13. cxd5 exd5 14. Bxd5 Qa5 15. Nf3 Be6 16. Bxe6 fxe6 17. Bc3 Qf5 18. Qc2 e5 19. Qxf5 Rxf5 20. Nd2 Raf8 21. Nc4 Nd4 22. Bxd4 exd4 23. Nb2 d5 24. Nd3 Bd6 25. Rc2 R5f7 26. Rfc1 Ba3 27. Rd1 Bd6 28. Kg2 g6 29. Kg1 Kg7 30. Rdc1 Ba3 31. Rb1 Bd6 32. b4 h5 33. b5 a5 34. b6 Bb4 35. Nf4 Bc3 36. Ne6+ Kf6 37. Nxf8 Rxf8 38. e3 Ke5 39. Rd1 Ke4 40. exd4 Bxd4 41. Re2+ Kf3 42. Kf1 1-0

[Event "St Petersburg White Nights op"]
[Site "St Petersburg"]
[Date "2010.06.24"]
[Round "9"]
[White "Bekhovskiy, Mikhail"]
[Black "Mukha, Aleksey"]
[Result "1/2-1/2"]
[WhiteElo "1808"]
[BlackElo "1928"]
[PlyCount "110"]
[EventDate "2010.06.16"]
[EventType "swiss"]
[EventRounds "9"]
[EventCountry "RUS"]
[SourceTitle "EXT 2011"]
[Source "ChessBase"]
[SourceDate "2010.11.26"]
[SourceVersion "1"]
[SourceVersionDate "2010.11.26"]
[SourceQuality "1"]

1. e4 c5 2. c3 Nf6 3. e5 Nd5 4. g3 Nc6 5. Bg2 Nc7 6. Qe2 d5 7. exd6 Qxd6 8. Nf3 Bf5 9. d4 cxd4 10. Nxd4 Nxd4 11. cxd4 Qxd4 12. Nc3 Bd3 13. Be3 Bxe2 14. Bxd4 Ba6 15. 0-0-0 f6 16. f4 e6 17. Rd2 Bb4 18. Rhd1 Nb5 19. a3 Nxc3 20. Bxc3 Bxc3 21. bxc3 0-0 22. Rd7 Rf7 23. Rxf7 Kxf7 24. Rd7+ Kg6 25. Bxb7 Bxb7 26. Rxb7 h5 27. Re7 a5 28. Rxe6 Kf5 29. Re7 g6 30. Rg7 Rc8 31. Kc2 a4 32. Ra7 Kg4 33. Ra6 Rf8 34. Rxa4 Kh3 35. Re4 Kxh2 36. Re3 Kh3 37. c4 Kg4 38. Kc3 h4 39. gxh4 Kxf4 40. Rd3 Kg4 41. Rd4+ Kh5 42. c5 f5 43. Rf4 g5 44. hxg5 Kxg5 45. Rf1 f4 46. Kd4 Kg4 47. c6 Kg3 48. Kd5 Rd8+ 49. Ke6 Rd3 50. Ra1 f3 51. c7 Rc3 52. Kd7 Rd3+ 53. Kc6 Rc3+ 54. Kd7 Rd3+ 55. Kc6 Rc3+ 1/2-1/2

[Event "St Petersburg White Nights op"]
[Site "St Petersburg"]
[Date "2010.06.23"]
[Round "8"]
[White "Mukha, Aleksey"]
[Black "Zavgorodniaya, Alena"]
[Result "1/2-1/2"]
[WhiteElo "1928"]
[BlackElo "1804"]
[PlyCount "93"]
[EventDate "2010.06.16"]
[EventType "swiss"]
[EventRounds "9"]
[EventCountry "RUS"]
[SourceTitle "EXT 2011"]
[Source "ChessBase"]
[SourceDate "2010.11.26"]
[SourceVersion "1"]
[SourceVersionDate "2010.11.26"]
[SourceQuality "1"]

1. e4 e5 2. Nf3 Nc6 3. Bb5 a6 4. Ba4 Nf6 5. 0-0 Be7 6. Re1 b5 7. Bb3 d6 8. c3 0-0 9. h3 Na5 10. Bc2 c5 11. d3 Qc7 12. Nbd2 g6 13. Nf1 Re8 14. Bg5 Nh5 15. Bxe7 Qxe7 16. Ng3 Nxg3 17. fxg3 Kg7 18. Qd2 h6 19. b3 Nc6 20. Rad1 b4 21. cxb4 Nxb4 22. Bb1 Nc6 23. Rc1 Qa7 24. Kh2 a5 25. Rc3 Be6 26. g4 Qe7 27. Qf2 a4 28. Bc2 Nb4 29. bxa4 Nxa2 30. Ra3 Nb4 31. Rea1 Qf6 32. Qd2 Nxc2 33. Qxc2 Qf4+ 34. Kh1 h5 35. g5 Bxh3 36. gxh3 Qxf3+ 37. Qg2 Qxg2+ 38. Kxg2 Re7 39. Rf1 Rea7 40. Rf6 Ra6 41. Rb3 R8a7 42. a5 Rd7 43. Rb6 Rxa5 44. Rbxd6 Ra2+ 45. Kg3 Rxd6 46. Rxd6 Rd2 47. Rd5 1/2-1/2

[Event "St Petersburg White Nights op"]
[Site "St Petersburg"]
[Date "2010.06.16"]
[Round "1"]
[White "Golovankov, Vladimir"]
[Black "Mukha, Aleksey"]
[Result "1-0"]
[WhiteElo "2279"]
[BlackElo "1928"]
[PlyCount "89"]
[EventDate "2010.06.16"]
[EventType "swiss"]
[EventRounds "9"]
[EventCountry "RUS"]
[SourceTitle "EXT 2011"]
[Source "ChessBase"]
[SourceDate "2010.11.26"]
[SourceVersion "1"]
[SourceVersionDate "2010.11.26"]
[SourceQuality "1"]

1. d4 Nf6 2. Nf3 e6 3. e3 b6 4. Bd3 Bb7 5. Nbd2 d5 6. Ne5 Bd6 7. f4 c5 8. c3 Nbd7 9. 0-0 0-0 10. Qf3 Qc7 11. g4 g6 12. Rf2 Ne8 13. g5 Nxe5 14. fxe5 Be7 15. Qg4 Ng7 16. Nf3 a5 17. Bd2 Ba6 18. Bxa6 Rxa6 19. h4 Nh5 20. Raf1 c4 21. Qh3 b5 22. Nh2 b4 23. Ng4 bxc3 24. Bxc3 Kg7 25. Kg2 Bd8 26. Nh6 Ra7 27. Qxe6 Qd7 28. Qxd7 Rxd7 29. e6 Re7 30. Rxf7+ Rexf7 31. exf7 Nf6 32. Be1 Ne4 33. Bg3 Nxg3 34. Kxg3 Be7 35. e4 Bd6+ 36. e5 Be7 37. Rf6 Rb8 38. Rf2 Kf8 39. Ng4 a4 40. e6 Bb4 41. Nf6 Rd8 42. Re2 Be7 43. Nxh7+ Kg7 44. Nf6 Rb8 45. Nxd5 1-0

[Event "St Petersburg Chigorin CC-ch"]
[Site "St Petersburg"]
[Date "2009.05.24"]
[Round "5"]
[White "Guzenko, Artem"]
[Black "Mukha, Aleksey"]
[Result "1-0"]
[WhiteElo "2155"]
[BlackElo "1921"]
[PlyCount "72"]
[EventDate "2009.05.19"]
[EventType "swiss"]
[EventRounds "9"]
[EventCountry "RUS"]
[SourceTitle "CBM 130 Extra"]
[Source "ChessBase"]
[SourceDate "2009.07.02"]
[SourceVersion "2"]
[SourceVersionDate "2009.07.15"]
[SourceQuality "1"]

1. e4 c5 2. Nf3 Nc6 3. Bb5 Qb6 4. a4 g6 5. Na3 Nd4 6. 0-0 Nxb5 7. axb5 Bg7 8. e5 d5 9. exd6 Qxd6 10. Nc4 Qd8 11. Qe2 Be6 12. Nce5 Nf6 13. b3 0-0 14. Bb2 Ng4 15. c4 Nxe5 16. Bxe5 Bxe5 17. Qxe5 Qd6 18. Qe4 Qd7 19. Qe5 Qd6 20. Rfe1 Rfe8 21. Qe4 Qd7 22. d4 Bf5 23. Qf4 cxd4 24. Nxd4 e5 25. Rxe5 Rxe5 26. Qxe5 Re8 27. Qf6 Rd8 28. Nf3 Qd1+ 29. Ne1 Qd4 30. Qxd4 Rxd4 31. Kf1 Rd2 32. Rxa7 Rb2 33. Rxb7 Rxb3 34. Rc7 Be6 35. Nf3 Bxc4+ 36. Rxc4 Rxb5 1-0

[Event "St Petersburg March op"]
[Site "St Petersburg"]
[Date "2009.04.08"]
[Round "8"]
[White "Kudriavtsev, Yury"]
[Black "Mukha, Aleksey"]
[Result "0-1"]
[WhiteElo "1915"]
[BlackElo "1939"]
[PlyCount "66"]
[EventDate "2009.03.30"]
[EventType "swiss"]
[EventRounds "9"]
[EventCountry "RUS"]
[SourceTitle "EXT 2012"]
[Source "ChessBase"]
[SourceDate "2011.11.24"]
[SourceVersion "1"]
[SourceVersionDate "2011.11.24"]
[SourceQuality "1"]

1. e4 c5 2. Nf3 Nc6 3. Nc3 e6 4. d4 cxd4 5. Nxd4 Qc7 6. Ndb5 Qb8 7. Be3 a6 8. Nd4 b5 9. Bd3 Bb4 10. 0-0 Ne5 11. a3 Nxd3 12. cxd3 Bd6 13. f4 Ne7 14. Qf3 Bb7 15. Qf2 0-0 16. g4 f5 17. gxf5 exf5 18. exf5 Nxf5 19. Nxf5 Rxf5 20. Ne4 Qf8 21. Qg2 Qe7 22. Rae1 Raf8 23. Qd2 Qh4 24. Ng3 Qg4 25. Qe2 Qg6 26. Rf2 Bxf4 27. Bxf4 Rxf4 28. Rxf4 Rxf4 29. Qe3 Rf3 30. Qe5 Rf8 31. Re3 Qc6 32. Ne4 Qc1+ 33. Kg2 Qxe3 0-1

[Event "St Petersburg June op"]
[Site "St Petersburg"]
[Date "2008.06.22"]
[Round "2"]
[White "Mukha, Aleksey"]
[Black "Chernov, Vladimir1111"]
[Result "0-1"]
[WhiteElo "1857"]
[BlackElo "2105"]
[PlyCount "88"]
[EventDate "2008.06.21"]
[EventType "swiss"]
[EventRounds "9"]
[EventCountry "RUS"]
[SourceTitle "CBM 125 Extra"]
[Source "ChessBase"]
[SourceDate "2008.09.01"]
[SourceVersion "1"]
[SourceVersionDate "2008.09.01"]
[SourceQuality "1"]

1. e4 c5 2. Nf3 Nc6 3. d4 cxd4 4. Nxd4 Nf6 5. Nc3 e5 6. Ndb5 d6 7. Nd5 Nxd5 8. exd5 Nb8 9. c4 Be7 10. Bd3 0-0 11. 0-0 Nd7 12. Be3 a6 13. Nc3 f5 14. f3 Bg5 15. Bf2 b6 16. a4 a5 17. Qc2 g6 18. Nb5 Nc5 19. Bxc5 bxc5 20. Rae1 Rf7 21. g3 Bf6 22. Qg2 Ba6 23. Re2 Qe7 24. Rfe1 Raf8 25. Kh1 Bc8 26. f4 e4 27. g4 Qd8 28. Bxe4 fxe4 29. Rxe4 Re7 30. g5 Rxe4 31. Rxe4 Bg7 32. Qe2 Bf5 33. Re7 Be5 34. Rxe5 dxe5 35. Qxe5 Re8 36. Qd6 Qxd6 37. Nxd6 Re2 38. Nb7 Rxb2 39. Nxc5 Rb4 40. d6 Rxc4 41. d7 Rd4 42. Nb3 Rxd7 43. Nxa5 Be4+ 44. Kg1 Bd5 0-1

[Event "Spring on Petrograd Side"]
[Site "St Petersburg"]
[Date "2007.04.18"]
[Round "8"]
[White "Mukha, Aleksey"]
[Black "Egorova, Natalia"]
[Result "1-0"]
[WhiteElo "1856"]
[BlackElo "1980"]
[PlyCount "139"]
[EventDate "2007.04.09"]
[EventType "swiss"]
[EventRounds "9"]
[EventCountry "RUS"]
[SourceTitle "EXT 2008"]
[Source "ChessBase"]
[SourceDate "2007.11.25"]
[SourceVersion "1"]
[SourceVersionDate "2007.11.25"]
[SourceQuality "1"]

1. e4 e6 2. d4 b6 3. Nc3 Bb7 4. Nf3 Nf6 5. e5 Ne4 6. Nxe4 Bxe4 7. Bd3 Bxd3 8. Qxd3 d5 9. Be3 Qd7 10. 0-0 Be7 11. c3 c5 12. a3 0-0 13. h4 c4 14. Qc2 f5 15. exf6 Bxf6 16. Bg5 Nc6 17. Rae1 Rae8 18. Bxf6 gxf6 19. Re3 Ne7 20. Rfe1 Nf5 21. R3e2 Kh8 22. Kh1 Rg8 23. g3 Nd6 24. Kh2 Ne4 25. Nd2 f5 26. Rg1 Qd6 27. Nxe4 fxe4 28. Kg2 Ref8 29. Re3 Qf4 30. Rh1 b5 31. Qe2 a5 32. Rh3 Qf5 33. f3 exf3+ 34. Rxf3 Qxf3+ 35. Qxf3 Rxf3 36. Kxf3 Rf8+ 37. Ke2 Kg7 38. g4 Rf4 39. Rg3 Kg6 40. Ke3 Re4+ 41. Kf3 Re1 42. Rg2 Kf6 43. Re2 Rh1 44. g5+ Kf7 45. Kg4 Rd1 46. Kh5 Rh1 47. Rf2+ Kg7 48. Kg4 Rg1+ 49. Kf4 Re1 50. h5 Re4+ 51. Kg3 Re3+ 52. Kf4 Re4+ 53. Kg3 Re3+ 54. Kg4 Re4+ 55. Rf4 Re2 56. h6+ Kg8 57. Rf6 Rg2+ 58. Kf4 Re2 59. Kf3 Re1 60. Kg3 Rg1+ 61. Kf2 Rxg5 62. Rxe6 Rg6 63. Re8+ Kf7 64. Rb8 b4 65. Rb7+ Kg8 66. axb4 Rxh6 67. bxa5 Rd6 68. Rb6 Rd7 69. a6 Ra7 70. Rb8+ 1-0

[Event "Spring on Petrograd Side"]
[Site "St Petersburg"]
[Date "2007.04.10"]
[Round "2"]
[White "Mukha, Aleksey"]
[Black "Androsov, Sergey"]
[Result "0-1"]
[WhiteElo "1856"]
[BlackElo "2101"]
[PlyCount "44"]
[EventDate "2007.04.09"]
[EventType "swiss"]
[EventRounds "9"]
[EventCountry "RUS"]
[SourceTitle "EXT 2008"]
[Source "ChessBase"]
[SourceDate "2007.11.25"]
[SourceVersion "1"]
[SourceVersionDate "2007.11.25"]
[SourceQuality "1"]

1. e4 d6 2. d4 Nf6 3. Nc3 Nbd7 4. Be3 e5 5. Nf3 Be7 6. Bc4 0-0 7. h3 c6 8. Bb3 Qc7 9. dxe5 dxe5 10. a3 Nc5 11. Bxc5 Bxc5 12. 0-0 b5 13. Qe2 Nh5 14. Rfd1 Nf4 15. Qe1 Qe7 16. Ne2 Ng6 17. Ng3 Re8 18. c3 Nf4 19. Rd2 Qf6 20. Ba2 Nxh3+ 21. gxh3 Qxf3 22. Rd3 Qxd3 0-1

[Event "St Petersburg Autumn op"]
[Site "St Petersburg"]
[Date "2005.11.06"]
[Round "9"]
[White "Matrosov, Vladimir"]
[Black "Mukha, Aleksey"]
[Result "1-0"]
[WhiteElo "2132"]
[BlackElo "1845"]
[PlyCount "95"]
[EventDate "2005.10.29"]
[EventType "swiss"]
[EventRounds "9"]
[EventCountry "RUS"]
[SourceTitle "EXT 2006"]
[Source "ChessBase"]
[SourceDate "2005.11.24"]
[SourceVersion "1"]
[SourceVersionDate "2005.11.24"]
[SourceQuality "1"]

1. Nf3 d5 2. b3 Nf6 3. Bb2 e6 4. e3 c5 5. Be2 Bd6 6. 0-0 0-0 7. c4 b6 8. d4 dxc4 9. bxc4 Bb7 10. Nc3 Na6 11. Qb3 Rc8 12. Rfd1 Qe7 13. Nb5 Bb8 14. Ba3 Rfd8 15. Rac1 Ne4 16. Qb1 Ng5 17. Nd2 Qf6 18. Nf1 Be4 19. Qb2 Qg6 20. Ng3 Bxg3 21. hxg3 Qh6 22. Bf1 Qh5 23. f4 Nf3+ 24. gxf3 Bxf3 25. Rd3 Qh1+ 26. Kf2 Be4 27. Rdc3 Qf3+ 28. Ke1 Qxg3+ 29. Qf2 Qxf2+ 30. Kxf2 Nb4 31. Bxb4 cxb4 32. Rb3 a5 33. Bg2 Bxg2 34. Kxg2 Rc6 35. a3 bxa3 36. Nxa3 Rdc8 37. Rcb1 Rb8 38. c5 g5 39. Rxb6 Rbc8 40. Rxc6 Rxc6 41. Rb6 Rc8 42. fxg5 e5 43. Nc4 exd4 44. exd4 a4 45. Ra6 Rd8 46. Nd6 Kg7 47. Rxa4 Rb8 48. c6 1-0

[Event "St Petersburg Autumn op"]
[Site "St Petersburg"]
[Date "2005.11.04"]
[Round "7"]
[White "Kosov, Igor"]
[Black "Mukha, Aleksey"]
[Result "1-0"]
[WhiteElo "1664"]
[BlackElo "1845"]
[PlyCount "51"]
[EventDate "2005.10.29"]
[EventType "swiss"]
[EventRounds "9"]
[EventCountry "RUS"]
[SourceTitle "EXT 2006"]
[Source "ChessBase"]
[SourceDate "2005.11.24"]
[SourceVersion "1"]
[SourceVersionDate "2005.11.24"]
[SourceQuality "1"]

1. d4 Nf6 2. c4 e6 3. Nf3 Bb4+ 4. Bd2 Bxd2+ 5. Qxd2 b6 6. Nc3 Bb7 7. Qf4 d6 8. e4 Nbd7 9. e5 dxe5 10. dxe5 Nh5 11. Qg4 g6 12. 0-0-0 Bxf3 13. gxf3 a6 14. f4 Ng7 15. Bg2 c6 16. Bxc6 Ra7 17. Ne4 0-0 18. Bxd7 Qa8 19. Nf6+ Kh8 20. Rhg1 Rc7 21. Kb1 Rd8 22. Qh4 h5 23. Qg5 Nf5 24. Bxe6 fxe6 25. Rxd8+ Qxd8 26. Qxg6 1-0